| 000 | 00402nam a22001217a 4500 | ||
|---|---|---|---|
| 082 | _a320.951 | ||
| 100 | _aChina. Guo wu yuan. Xin wen ban gong shi | ||
| 245 |
_aWhite papers of the Chinese government _cChina. Guo wu yuan. Xin wen ban gong shi |
||
| 260 |
_aBeijing : _bForeign Languages Press, _c2020. |
||
| 300 | _a1020p. | ||
| 942 |
_2ddc _cBK |
||
| 999 |
_c586580 _d586580 |
||